Impact of family environment on early childhood education

Bibliographic Details
Main Author: Mohapatra, Dr. Damodar
Format: Book
Published: India : Neelkamal Pub. Pvt. Ltd , 2006
Subjects:

MARC

LEADER 00000cam a2200000 7i4500
001 0000037824
005 20131022.0
008 131018
020 |a 8183160727 
090 0 0 |a 372.210954133   |b MOH 
100 1 |a Mohapatra, Dr. Damodar 
245 1 0 |a Impact of family environment on early childhood education   |c Dr. Damodar Mohapatra & Dr. Leena Mohapatra 
260 |a India :   |b Neelkamal Pub. Pvt. Ltd ,   |c 2006 
650 0 |a Early childhood education   |x Parent participation   |z India   |x Orissa 
999 |a 0001244001   |b Book   |c Adult Collection   |e Perbadanan Perpustakaan Awam Johor